000 01054naa a22002897a 4500
001 BR8005066
003 BR-BrBNA
005 20240918174645.0
007 ta
008 230509b bl.||||| |||| 00| 0 por d
040 _aBR-BrBNA
_bpor
_cBiblioteca Nacional de Agricultura
041 _a(Pt)
072 _aH00
090 _aH00 BR8005066
100 1 _aGuerra, M. de S.
245 1 _aO receituario agronomico como medida preventiva de acidentes e intoxicacoes pela exposicao e ou manipulacao de defensivos agricolas
260 3 _aJaboticabal, SP (Brasil):
_c1980.
500 _aUso adequado de defensivos agricolas e receituario agronomico Jaboticabal, SP (Brasil): 1980. p. 105-115 (BR8005066-AM)H00
650 _aDEFENSIVO
650 _aPESTICIDA
650 _aTOXIDEZ
650 _aINTOXICACAO
650 _aPREVENCAO DE ACIDENTE
773 0 _tUso adequado de defensivos agricolas e receituario agronomico
_b
_wH00 BR8005066
_gJaboticabal, SP (Brasil), 1980. p. 105-115
909 _a202404
_bLucia
_c55
_dLucia Elande
942 _cAM
_2AGRIS
999 _c312649
_d312649